Symbole Państw Unii Europejskiej - Statystyki

Ogólne statystyki
  • Ten quiz został rozwiązany 7 razy
  • Średni wynik to 7 z 27
Statystyki odpowiedzi
Hint Odpowiedź % Poprawnych
Belgia Frytki
60%
Irlandia Koniczyna
40%
Czechy Piwo
40%
Chorwacja Plaże
40%
Finlandia Święty Mikołaj
40%
Holandia Tulipany
40%
Austria Turystyka Zimowa
40%
Luksemburg Banki
20%
Polska Bursztyn
20%
Łotwa Doliny
20%
Rumunia Drakula
20%
Francja Elegancja
20%
Bułgaria Imprezy
20%
Węgry Jezioro Balaton
20%
Niemcy Kiełbasa
20%
Włochy Kuchnia
20%
Dania Lego
20%
Szwecja Nakryty Stół
20%
Hiszpania Odkrywcy
20%
Portugalia Owoce Morza
20%
Słowenia Planica
20%
Cypr Rosja
20%
Grecja Starożytność
20%
Litwa Unia
20%
Słowacja Widoki
20%
Estonia Wyspy
20%
Malta Zabytki
20%
Nie znaleziono quizów pasujących do podanych kryteriów
Rozkład punktacji
Procent ludzi z każdym wynikiem
Percentyl według liczby udzielonych odpowiedzi
Twoja historia wyników
Nie rozwiązałeś tego quizu